| 000 | 00644nam a2200157 a 4500 | ||
|---|---|---|---|
| 008 | 120716s1967 ||||||||||||||||| || u | ||
| 050 | _aKJ 61 Wat | ||
| 100 | _aWaters, Maurice | ||
| 245 | 1 | 4 |
_aThe United Nations: international organization and administration _cMaurice Waters |
| 260 |
_aNew York _bMacmillan _c1967 |
||
| 300 | _axvi, 583p.: ill. | ||
| 500 | _aBibliography | ||
| 650 | _aINTERNATIONAL AGENCIES--THE UNITED NATIONS | ||
| 650 | _aINTERNATIONAL ORGANIZATION--THE UNITED NATIONS | ||
| 995 |
_aSPECIAL COLLECTIONS _e500014 _FCBU-DAG HAMMARSKJOLD INSTITUTE LIBRARY _jDAG KJ 61 Wat _M1 _UAVAILABLE _WSep 19, 2012 _y500014 _ZDHIPS Book Collection |
||
| 999 |
_c531 _d531 |
||